000 00468nam a22001817a 4500
003 OSt
005 20211006164443.0
008 211006b |||||||| |||| 00| 0 eng d
020 _a0632083506
040 _cHAWASSA UNIVERSITY
050 _a574.19296/LEA
_b2
082 _a574.19296/LEA
_b2
100 _aPIRIE N.W.
_910984
245 _aLEAF PROTEIN ITS AGRONOMY PREPARTION QUALITY AND USE
260 _aLONDON
_bNWI
_c1971
300 _a192
942 _2ddc
_cBOOKS
_n0
999 _c10155
_d10155